<?xml version="1.0" encoding="UTF-8"?>
<record
    xmlns:xsi="http://www.w3.org/2001/XMLSchema-instance"
    xsi:schemaLocation="http://www.loc.gov/MARC21/slim http://www.loc.gov/standards/marcxml/schema/MARC21slim.xsd"
    xmlns="http://www.loc.gov/MARC21/slim">

  <leader>01698nam a22003017a 4500</leader>
  <controlfield tag="001">UTEA</controlfield>
  <controlfield tag="005">20241210162601.0</controlfield>
  <controlfield tag="006">g||||gr||||||01 nz</controlfield>
  <controlfield tag="007">ta</controlfield>
  <controlfield tag="008">170702b        per||||| |||| 00| 0 esp d</controlfield>
  <datafield tag="020" ind1=" " ind2=" ">
    <subfield code="a">9786124532054</subfield>
  </datafield>
  <datafield tag="040" ind1=" " ind2=" ">
    <subfield code="a">UTEA</subfield>
  </datafield>
  <datafield tag="041" ind1=" " ind2=" ">
    <subfield code="a">Es</subfield>
  </datafield>
  <datafield tag="044" ind1=" " ind2=" ">
    <subfield code="a">PER</subfield>
  </datafield>
  <datafield tag="082" ind1=" " ind2=" ">
    <subfield code="a">370.15</subfield>
    <subfield code="b">S71 2009</subfield>
  </datafield>
  <datafield tag="100" ind1=" " ind2=" ">
    <subfield code="a">Soto Pasco, Rogelio</subfield>
    <subfield code="e">Autor</subfield>
    <subfield code="c">Comunicador Social</subfield>
  </datafield>
  <datafield tag="245" ind1=" " ind2=" ">
    <subfield code="a">Problemas de Aprendizaje Todo lo Que Deben Saber Padres y Maestros / Soluciones Efectivas Para Enfrentar Problemas o Discapacidades de su Hijo en Edad Escolar / </subfield>
    <subfield code="c">Rogelio Soto Pasco</subfield>
    <subfield code="h">[Impreso]</subfield>
  </datafield>
  <datafield tag="250" ind1=" " ind2=" ">
    <subfield code="a">1ra edici&#xF3;n</subfield>
  </datafield>
  <datafield tag="260" ind1=" " ind2=" ">
    <subfield code="a">Lima - Per&#xFA;</subfield>
    <subfield code="b">N&#xF3;stica Editorial E.I.R.L.</subfield>
    <subfield code="c">2009</subfield>
  </datafield>
  <datafield tag="300" ind1=" " ind2=" ">
    <subfield code="a">127 p&#xE1;ginas.</subfield>
    <subfield code="c">14 x 21 cm.</subfield>
    <subfield code="b">Figuras,. 01 Ejemplar Andahuaylas, 01 Ejemplar Abancay</subfield>
  </datafield>
  <datafield tag="505" ind1=" " ind2=" ">
    <subfield code="a">Introducci&#xF3;n. -- Problemas de aprendizajes  -- &#xBF;C&#xF3;mo entender los problemas de aprendizaje?. -- Trastornos en la articulaci&#xF3;n de las palabras. -- Problemas en el aprendizaje de la lectura y escritura. -- Problemas motrices. -- Problemas en el aprendizaje matem&#xE1;tico. -- El papel de la conducta en el aprendizaje. --
 Reconocimiento de trastorno en el aprendizaje -- Otros trastornos de los ni&#xF1;os (Hiperactividad, s&#xED;ndrome de Down, autismo). -- Problemas de aprendizaje en ni&#xF1;os de inteligencia normal</subfield>
  </datafield>
  <datafield tag="520" ind1=" " ind2=" ">
    <subfield code="a">Este libro trata de  los problemas de aprendizaje para enfrentar problemas o discapacidad delos ni&#xF1;os.</subfield>
  </datafield>
  <datafield tag="650" ind1=" " ind2="0">
    <subfield code="a">PROBLEMAS DE APRENDIZAJE</subfield>
    <subfield code="9">5626</subfield>
  </datafield>
  <datafield tag="650" ind1=" " ind2="0">
    <subfield code="a">RECONOCIMIENTO DE TRASTORNOS EN EL APRENDIZAJE</subfield>
    <subfield code="9">23408</subfield>
  </datafield>
  <datafield tag="650" ind1=" " ind2="0">
    <subfield code="a">OTROS TRASTORNOS EN LOS NI&#xD1;OS</subfield>
    <subfield code="9">8490</subfield>
  </datafield>
  <datafield tag="653" ind1=" " ind2=" ">
    <subfield code="a">EDUCACI&#xD3;N</subfield>
    <subfield code="a">APRENDIZAJE</subfield>
    <subfield code="a">DISCAPACIDAD</subfield>
  </datafield>
  <datafield tag="942" ind1=" " ind2=" ">
    <subfield code="2">ddc</subfield>
    <subfield code="c">BK</subfield>
    <subfield code="e">2024-02-06</subfield>
  </datafield>
  <datafield tag="952" ind1=" " ind2=" ">
    <subfield code="0">0</subfield>
    <subfield code="1">0</subfield>
    <subfield code="2">ddc</subfield>
    <subfield code="4">0</subfield>
    <subfield code="7">0</subfield>
    <subfield code="8">EPEF2</subfield>
    <subfield code="a">BABA</subfield>
    <subfield code="b">BABA</subfield>
    <subfield code="c">SALA2</subfield>
    <subfield code="e">CP</subfield>
    <subfield code="o">370.15 S71 2009</subfield>
    <subfield code="p">BABA17070008</subfield>
    <subfield code="v">35.00</subfield>
    <subfield code="w">2017-07-02</subfield>
    <subfield code="y">BK</subfield>
    <subfield code="k">2017-07-02</subfield>
  </datafield>
  <datafield tag="952" ind1=" " ind2=" ">
    <subfield code="0">0</subfield>
    <subfield code="1">0</subfield>
    <subfield code="2">ddc</subfield>
    <subfield code="4">0</subfield>
    <subfield code="7">0</subfield>
    <subfield code="8">EPEF2</subfield>
    <subfield code="a">BAND</subfield>
    <subfield code="b">BAND</subfield>
    <subfield code="e">CP</subfield>
    <subfield code="o">370.15 S71 2009</subfield>
    <subfield code="p">BAND18020920</subfield>
    <subfield code="v">35.00</subfield>
    <subfield code="w">2018-02-19</subfield>
    <subfield code="y">BK</subfield>
    <subfield code="k">2018-02-19</subfield>
  </datafield>
  <datafield tag="999" ind1=" " ind2=" ">
    <subfield code="c">1889</subfield>
    <subfield code="d">1889</subfield>
  </datafield>
</record>
